| 000 | 01596nam1a22002771 4500 | ||
|---|---|---|---|
| 001 | rc\3766573 | ||
| 005 | 20120127163424.2 | ||
| 035 | _a(NLR Aleph) 007224023 | ||
| 090 |
_a7706545 _c7706545 |
||
| 100 | _a20120127d1975 u y0rusy50 ca | ||
| 101 | 0 | _arus | |
| 102 | _aRU | ||
| 105 | _ay z ||||| | ||
| 200 | 1 |
_aАвиакосмическая медицина _eТезисы докл. на V всесоюз. конф., г.Калуга, окт. 1975 _f[Отв. ред. чл.-кор. АН СССР, проф. О.Г. Газенко] _gОтд-ние физиологии АН СССР, Ин-т мед.-биол. проблем М-ва здравоохранения СССР, Гос. музей истории космонавтики им. К.Э. Циолковского |
|
| 210 |
_aМосква _aКалуга _cБ. и. _d1975 |
||
| 215 | _d20 | ||
| 300 | _aВ надзаг.: Отд-ние физиологии АН СССР, Ин-т мед.-биол. проблем М-ва здравоохранения СССР, Гос. музей истории космонавтики им. К.Э. Циолковского | ||
| 606 |
_aКосмическая медицина _jТезисы докладов _2psbo |
||
| 606 |
_aАвиационная медицина _jТезисы докладов _2psbo |
||
| 702 | 1 |
_4340 _7ca _8rus _aГазенко _bО. Г. _f1918-2007 _gОлег Георгиевич _999718 _3RU\NLR\auth\77116793 |
|
| 712 | 0 | 2 |
_aАН СССР _9272478 _3RU\NLR\AUTH\881046 |
| 801 | 0 |
_aRU _bNLR _gpsbo |
|
| 801 | 1 |
_aRU _bELAR _2rusmarc |
|
| 852 |
_aNLR _j76-3/3068 |
||
| 942 | _cBOOK | ||
| 980 | _aNB | ||